ბათუმის შოთა რუსთაველის სახელმწიფო უნივერსიტეტის ბიბლიოთეკა

მუზარადი (ბიბ.ჩანაწერი № 42245)

000 -LEADER
fixed length control field 00732nam a2200241Ia 4500
001 - CONTROL NUMBER
control field 8940
003 - CONTROL NUMBER IDENTIFIER
control field GE_BSU
008 - FIXED-LENGTH DATA ELEMENTS--GENERAL INFORMATION
fixed length control field 181216s||||||||xx |||||||||||||| ||und||
040 ## - CATALOGING SOURCE
Transcribing agency GE_BSU
080 ## - UNIVERSAL DECIMAL CLASSIFICATION NUMBER
Universal Decimal Classification number 821.353.1-32
100 ## - MAIN ENTRY--PERSONAL NAME
Personal name კვიცარიძე, დავით
245 ## - TITLE STATEMENT
Title მუზარადი
245 ## - TITLE STATEMENT
Remainder of title მოთხრობა
245 ## - TITLE STATEMENT
Statement of responsibility, etc. რედ.კონსტანტინე ლორთქიფანიძე
260 ## - PUBLICATION, DISTRIBUTION, ETC.
Place of publication, distribution, etc. თბილისი.
260 ## - PUBLICATION, DISTRIBUTION, ETC.
Name of publisher, distributor, etc. ნაკადული.
260 ## - PUBLICATION, DISTRIBUTION, ETC.
Date of publication, distribution, etc. 1970
300 ## - PHYSICAL DESCRIPTION
Extent 31გვ;16სმ.
300 ## - PHYSICAL DESCRIPTION
Other physical details გარეკანზე ფოტო.
653 ## - INDEX TERM--UNCONTROLLED
Uncontrolled term მოთხრობა
653 ## - INDEX TERM--UNCONTROLLED
Uncontrolled term მუზარადი
942 ## - ADDED ENTRY ELEMENTS (KOHA)
Koha item type წიგნი
ეგზემპლარები
Withdrawn status Lost status Damaged status Not for loan Date acquired Barcode Date last seen Price effective from Koha item type
        2018-12-17 31455 2018-12-17 2018-12-17 წიგნი
        2018-12-17 31456 2018-12-17 2018-12-17 წიგნი